000 00189nam a2200073Ia 4500
008 170524s9999 xx 000 0 und d
100 _aRAMASWAMY- V.S.
245 0 _aMARKETING MANAGEMENT
260 _bnew delhi : Sultan chand
999 _c8346
_d8346